000 01315nam a2200229Ia 4500
003 Ost
005 20260507074948.0
008 260507s9999||||xx |||||||||||||| ||und||
020 _a9957063731
040 _cfsecg
041 _aara
082 _a658.3
100 _aحمود، خضير كاظم
_eمؤلف
245 0 _aإدارة الموارد البشرية /
_c خضير كاظم حمود
260 _aعمان:
_bدار المسيرة للنشر والتوزيع,
_c2007
300 _a276 صفحة؛
_bإيضاحات ؛
_c25 سم
504 _aببليوغرافيا:ص.263-265 كشاف المصطلحات:ص.267-276
520 _aإدارة الموارد البشرية الإستراتيجيات والتحديات،تخطيط الموارد البشرية،تدفق العمل وتصميم الوظائف وتحليلها،استقطاب الموارد البشرية،تدريب العاملين،تقييم أداء العاملين،أنظمة الأجور والرواتب والتعويضات،العلاقات الصناعية والنقابات،إدارة السلامة المهنية والصحية،نظم معلومات الموارد البشرية
653 _aإدارة الافراد
700 _aكاسب الخرشة، ياسين
_eمؤلف ثانوي
942 _cكتاب
999 _c41973
_d41973